000 00684nam a2200193 a 4500
001 BRCA_1533
005 20190320203449.0
008 010126s2000 mx-a---##b---#000-0#spa-#
020 _a9709670169
040 _aDLC
_cDLC
050 4 _aN6556.C4
_b.C56 2000
245 1 0 _aCinco siglos de plástica en Chiapas.
260 _aMéxico
_bCentro Cultural de Chiapas Jaime Sabines
_c2000
300 _a429 p.
_bil. a color
_c31 cm.
500 _aCatálogo de la exposición realizada en el Centro Cultural de Chiapas Jaime Sabines (Tuxtla Gutiérrez), agosto - octubre, 2000
504 _aBibliografía: p. 428-429
650 1 4 _aArte mexicano
_vExposiciones
_zMéxico
_93390
942 _2lcc
_cB
999 _c1380
_d1380